Binnenstaat oder nicht?! #1 - Statistiken

Allgemein
  • Dieses Quiz wurde 129 mal gespielt
  • Das Durchschnittsergebnis liegt bei 14 aus 15
Antwortstatistiken
Frage Antwort % Korrekt
Monaco🇲🇨 Nein👎
99%
Estland🇪🇪 Nein👎
99%
Tadschikistan🇹🇯 Ja👍
98%
Israel🇮🇱 Nein👎
98%
Oman🇴🇲 Nein👎
98%
Belarus🇧🇾 Ja👍
97%
San Marino🇸🇲 Ja👍
94%
Südsudan🇸🇸 Ja👍
92%
Angola🇦🇴 Nein👎
92%
Usbekistan🇺🇿 Ja👍
89%
Montenegro🇲🇪 Nein👎
88%
Mosambik🇲🇿 Nein👎
86%
Armenien🇦🇲 Ja👍
83%
Laos🇱🇦 Ja👍
83%
Aserbaidschan🇦🇿 Ja👍
58%
Keine übereinstimmenden Quizze gefunden
Verteilung der Resultate
Anzahl Personen mit jedem Resultat
Perzentil nach korrekt beantworteten Fragen
Ihre Resultats-Entwicklung
Sie haben dieses Quiz noch nicht gespielt